000 00681nam a2200229Ia 4500
003 OSt
005 20220926001041.0
006 a|||||r|||| 00| 0
007 ta
008 220923b |||||||| |||| 00| 0 eng d
037 _cGeneral Book
040 _aRTL
_cRTL
_beng
041 _2eng
_aeng
082 _aX9(F552).2.N8, M3
100 _aSharma Dhirendra
245 0 _aIndia's nuclear estate
260 _a New Delhi
_bLancers Publishers India
_c1983
300 _axii,195p. Bib p. 182-92 Appendix p. 173-81
_ccm.
650 _aFuel Industry Nuclear
_9237301
942 _hX9(F552).2.N8, M3
_cGB
_2CC
999 _c600305
_d600305